|
|
|
|
| LEADER |
00599nam a2200181Ia 4500 |
| 001 |
155844 |
| 008 |
170722s9999 xx 000 0 und d |
| 020 |
|
|
|a 0761935971
|
| 100 |
|
|
|a Singh, Katar
|
| 245 |
|
|
|a Environmental economics
|b Theory and applications /
|
| 260 |
|
|
|a New Delhi :
|b Sage ,
|c 2007.
|
| 300 |
|
|
|a 423 p.
|
| 653 |
|
|
|a Enviornmental Economics
|
| 700 |
|
|
|a Shishodia , Anil
|
| 923 |
|
|
|d 20080227
|n V320
|
| 942 |
|
|
|c GEN
|
| 999 |
|
|
|c 137011
|d 137011
|
| 952 |
|
|
|0 0
|1 0
|4 0
|6 X_G55_P71
|7 0
|9 193368
|a LIB
|b LIB
|d 2013-03-25
|e Prabhus Books
|l 3
|o X:(G:55) P71
|p 267279
|r 2020-02-27
|s 2020-01-24
|v 350.00
|w 2017-08-12
|y GEN
|